000 00518nam a2200181Ia 4500
005 20250508163724.0
008 008 250505s9999 xx 000 0 hin d
037 _aTextual
040 _aFEDL
_beng
_cFEDL
041 _ahin
_2eng
084 _a371.334, JAI
_qFEDL
100 _aJairam Singh
_9776112
245 0 _aVidyalaya prabandh mein computer ka prayog
260 _aNew Delhi, India
_bPraveen Prakashan
_c1994
300 _a200p.
942 _cTEXL
_h371.334, JAI
999 _c1384894
_d1384894